书目信息 |
| 题名: |
循环流化床锅炉运行与检修
|
|
| 作者: | 吕俊复 , 岳光溪 , 张建胜 , 杨海瑞 编著 | |
| 分册: | ||
| 出版信息: | 北京 中国水利水电出版社 2005.09 |
|
| 页数: | 434页 | |
| 开本: | 26cm | |
| 丛书名: | ||
| 单 册: | ||
| 中图分类: | TK229.5 | |
| 科图分类: | ||
| 主题词: | 流化床--liu hua chuang--循环锅炉--锅炉运行 , 流化床--liu hua chuang--循环锅炉--检修 | |
| 电子资源: | ||
| ISBN: | 978-7-5084-2986-1 | |
| 000 | 01176nam0 2200301 450 | |
| 001 | 012006661992 | |
| 005 | 20100813154223.42 | |
| 010 | @a978-7-5084-2986-1@dCNY57.00 | |
| 100 | @a20100515d2005 km y0chiy0120 ea | |
| 101 | 0 | @achi |
| 102 | @aCN@b110000 | |
| 105 | @aa a 000yy | |
| 200 | 1 | @a循环流化床锅炉运行与检修@Axun huan liu hua chuang guo lu yun xing yu jian xiu@f吕俊复 … [等] 编著@Flu jun fu…[deng]bian zhu |
| 205 | @a第2版 | |
| 210 | @a北京@c中国水利水电出版社@d2005.09 | |
| 215 | @a434页@c图@d26cm | |
| 303 | @a本书责任者还有岳光溪, 张建胜, 杨海瑞 | |
| 320 | @a有书目 | |
| 330 | @a本书是有关循环流化床锅炉原理、运行及维修方面的专著,总结了循环流化床燃烧技术基本理论,纠正了目前流行的一些错误的概念,介绍了循环流化床锅炉的典型结构、特点、安装要求、运行技术和规程、调试经验、性能试验等。 | |
| 606 | 0 | @a流化床@Aliu hua chuang@x循环锅炉@x锅炉运行 |
| 606 | 0 | @a流化床@Aliu hua chuang@x循环锅炉@x检修 |
| 690 | @aTK229.5@v4 | |
| 701 | 0 | @a吕俊复@Alu jun fu@4编著 |
| 701 | 0 | @a岳光溪@Ayue guang xi@4编著 |
| 701 | 0 | @a张建胜@Azhang jian sheng@4编著 |
| 701 | 0 | @a杨海瑞@Ayang hai rui@4编著 |
| 801 | 0 | @aCN@c20100515 |
| 905 | @dTK229.5@eL890=2@f5 | |
| 循环流化床锅炉运行与检修/吕俊复 … [等] 编著.-第2版.-北京:中国水利水电出版社,2005.09 |
| 434页:图;26cm |
| ISBN 978-7-5084-2986-1:CNY57.00 |
| 本书是有关循环流化床锅炉原理、运行及维修方面的专著,总结了循环流化床燃烧技术基本理论,纠正了目前流行的一些错误的概念,介绍了循环流化床锅炉的典型结构、特点、安装要求、运行技术和规程、调试经验、性能试验等。 |
| ● |
| 相关链接 |
|
|
|
正题名:循环流化床锅炉运行与检修
索取号:TK229.5/L890=2
 
预约/预借
| 序号 | 登录号 | 条形码 | 馆藏地/架位号 | 状态 | 备注 |
| 1 | 1027163 | 210271631 | 自科库501/501自科库 135排5列3层/ [索取号:TK229.5/L890=2] | 在馆 | |
| 2 | 1027164 | 210271640 | 自科二线504/504自科库 43排2列1层/ [索取号:TK229.5/L890=2] | 在馆 | |
| 3 | 1027165 | 210271659 | 自科二线504/504自科库 43排2列1层/ [索取号:TK229.5/L890=2] | 在馆 | |
| 4 | 1027166 | 210271668 | 自科二线504/504自科库 43排2列1层/ [索取号:TK229.5/L890=2] | 在馆 | |
| 5 | 1027167 | 210271677 | 自科二线504/504自科库 19排2列5层/ [索取号:TK229.5/L890=2] | 在馆 |